[Event "XXIX Corsicoscacchi Magistrale"]
[Site "Corsico ITA"]
[Date "2004.04.29"]
[Round "1"]
[White "Damia, Angelo"]
[Black "Bjarnason, Oskar"]
[Result "1-0"]
[WhiteElo "2061"]
[BlackElo "2259"]
[PlyCount "85"]
[EventDate "2004.04.29"]

1. e4 d5 2. exd5 Qxd5 3. Nc3 Qa5 4. d4 Nf6 5. Nf3 Bg4 6. h3 Bh5 7. g4 Bg6 8.
Ne5 e6 9. Nc4 Qa6 10. Bf4 Qc6 11. Nd6+ Kd8 12. d5 Qb6 13. Nc4 Qb4 14. a3 Qe7
15. d6 cxd6 16. Nxd6 e5 17. Nf5+ Qd7 18. Bxe5 Bxf5 19. Bxf6+ gxf6 20. gxf5 Bd6
21. Ne4 Be5 22. Qxd7+ Nxd7 23. O-O-O Ke7 24. Bb5 Nb6 25. Rhe1 a6 26. Bd3 Rac8
27. Nd2 Kf8 28. Nf3 Bf4+ 29. Kb1 Rg8 30. Re4 Bb8 31. Rb4 Ba7 32. Nh2 h5 33. Rh4
Rg2 34. Nf1 Rxf2 35. Rxh5 Rc7 36. Nd2 Nd5 37. Ne4 Rh2 38. Rh8+ Kg7 39. Rh4 Ne3
40. Rg1+ Kf8 41. Rh8+ Ke7 42. Rgg8 Bd4 43. Rd8 1-0

[Event "XXIX Corsicoscacchi Magistrale"]
[Site "Corsico ITA"]
[Date "2004.04.29"]
[Round "1"]
[White "Gagliardi, Christian"]
[Black "Canova, Luca"]
[Result "0-1"]
[WhiteElo "2116"]
[BlackElo "2008"]
[PlyCount "104"]
[EventDate "2004.04.29"]

1. Nf3 Nf6 2. g3 d5 3. Bg2 g6 4. O-O Bg7 5. d3 O-O 6. Nbd2 Nc6 7. c3 b6 8. Qc2
Bb7 9. Re1 e5 10. e4 Re8 11. h3 Rc8 12. a3 a6 13. b4 Qd6 14. Bb2 dxe4 15. dxe4
h6 16. Rad1 Qe6 17. Bf1 Nh5 18. Kg2 Ne7 19. Bc4 Qf6 20. Nf1 c5 21. b5 axb5 22.
Bxb5 Bc6 23. a4 Bxb5 24. axb5 Rcd8 25. Ne3 Qe6 26. c4 f5 27. Nd5 Nxd5 28. cxd5
Qf7 29. Nd2 fxe4 30. Nxe4 Nf6 31. Nxf6+ Bxf6 32. Qe4 Kg7 33. Re3 Rd6 34. g4 Qd7
35. f4 Qxb5 36. Bxe5 Rdd8 37. Rde1 Kf7 38. d6 Rxd6 39. Qc2 Qc6+ 40. Kg3 Bxe5
41. fxe5 Rde6 42. h4 Kg7 43. Qc4 b5 44. Qf4 Rf8 45. Qe4 Qxe4 46. Rxe4 g5 47.
hxg5 hxg5 48. Rc1 Rc8 49. Kf3 c4 50. Ke3 Rd8 51. Kf3 Rd5 52. Rce1 Kf7 0-1

[Event "XXIX Corsicoscacchi Magistrale"]
[Site "Corsico ITA"]
[Date "2004.04.29"]
[Round "1"]
[White "Mazzariol, Oscar"]
[Black "Rossi, Giampiero"]
[Result "1/2-1/2"]
[WhiteElo "2081"]
[BlackElo "2000"]
[PlyCount "87"]
[EventDate "2004.04.29"]

1. d4 d5 2. Nf3 c6 3. c4 e6 4. e3 Nf6 5. Nc3 Nbd7 6. Bd3 Be7 7. O-O O-O 8. e4
dxe4 9. Nxe4 b6 10. Bg5 Bb7 11. Qe2 c5 12. Bxf6 Nxf6 13. Nxf6+ Bxf6 14. dxc5
Bxf3 15. Qxf3 bxc5 16. Rad1 Qc7 17. Rd2 Rad8 18. Rfd1 Rd4 19. Bf1 Rxd2 20. Rxd2
Rd8 21. Rxd8+ Qxd8 22. b3 g6 23. g3 Kg7 24. Bh3 Bd4 25. Kg2 Qf6 26. Qxf6+ Kxf6
27. f4 Ke7 28. Bg4 f5 29. Bf3 Kf6 30. Bb7 e5 31. fxe5+ Kxe5 32. Kf3 g5 33. h3
h6 34. Ba6 Bb2 35. Bb7 Bc1 36. Bd5 f4 37. gxf4+ Bxf4 38. a4 Kd4 39. a5 Kc3 40.
a6 Kxb3 41. Kg4 Kb4 42. h4 Ka5 43. Bb7 Kb4 44. Bd5 1/2-1/2

[Event "XXIX Corsicoscacchi Magistrale"]
[Site "Corsico ITA"]
[Date "2004.04.29"]
[Round "1"]
[White "Pace, Pietro Dario"]
[Black "Di Lascio, Savino"]
[Result "1-0"]
[WhiteElo "2126"]
[BlackElo "2022"]
[PlyCount "55"]
[EventDate "2004.04.29"]

1. e4 c6 2. d4 d5 3. exd5 cxd5 4. Bd3 Nc6 5. c3 g6 6. h3 Bg7 7. Nf3 Nh6 8. O-O
O-O 9. Re1 f6 10. c4 Kh8 11. cxd5 Qxd5 12. Nc3 Qh5 13. d5 Ne5 14. Nxe5 fxe5 15.
Qxh5 gxh5 16. Bxh6 Bxh6 17. Rxe5 Rf7 18. Rae1 Bd7 19. Rxe7 Raf8 20. Rxf7 Rxf7
21. Re5 Bc1 22. Rxh5 Bxb2 23. Ne4 Bd4 24. Kh1 b5 25. Ng5 Rg7 26. Nxh7 Be8 27.
Rh6 Kg8 28. Nf6+ 1-0

[Event "XXIX Corsicoscacchi Magistrale"]
[Site "Corsico ITA"]
[Date "2004.04.29"]
[Round "1"]
[White "Zacco, Remo"]
[Black "Barlocco, Carlo"]
[Result "0-1"]
[WhiteElo "2028"]
[BlackElo "2139"]
[PlyCount "90"]
[EventDate "2004.04.29"]

1. e4 g6 2. d4 Nf6 3. Nc3 d5 4. e5 Nh5 5. g4 Ng7 6. Bg2 e6 7. Be3 c5 8. Nge2
Nc6 9. f4 h5 10. Ng3 hxg4 11. dxc5 Nf5 12. Nxf5 gxf5 13. Qd2 Qa5 14. Qf2 Bd7
15. O-O-O O-O-O 16. h3 g3 17. Qxg3 Bxc5 18. Bxc5 Qxc5 19. Nxd5 exd5 20. Rxd5
Qc4 21. Qe3 Qxa2 22. Qc3 Be6 23. Rd6 Rxd6 24. exd6 Qa1+ 25. Kd2 Qa5 26. b4 Qxb4
27. Qxb4 Nxb4 28. Rb1 Bd5 29. Bf1 Nc6 30. c4 Be4 31. Rb3 Nd4 32. Ra3 a6 33. c5
Rh4 34. Rg3 Rxf4 35. Bc4 Ne6 36. Ke3 Rh4 37. Bxe6+ fxe6 38. Rg8+ Kd7 39. Rg7+
Kc6 40. Rc7+ Kb5 41. d7 Rxh3+ 42. Kf4 Rd3 43. Ke5 Bc6 44. Kxe6 Rxd7 45. Rc8 Rd5
0-1

[Event "XXIX Corsicoscacchi Magistrale"]
[Site "Corsico ITA"]
[Date "2004.04.30"]
[Round "2"]
[White "Barlocco, Carlo"]
[Black "Damia, Angelo"]
[Result "1-0"]
[WhiteElo "2139"]
[BlackElo "2061"]
[PlyCount "71"]
[EventDate "2004.04.29"]

1. d4 Nf6 2. Bg5 c6 3. c3 d5 4. Nd2 Bf5 5. f3 Nbd7 6. g4 Bg6 7. Bf4 h5 8. g5
Nh7 9. h4 f6 10. Nh3 e5 11. dxe5 fxe5 12. Bh2 Bd6 13. Nf2 O-O 14. e4 Nb6 15.
Qb3 Bf7 16. Qc2 g6 17. O-O-O Qe7 18. Bh3 Nc4 19. Rhe1 b5 20. f4 exf4 21. Nxc4
dxc4 22. e5 Bxe5 23. Rd7 Qc5 24. Ne4 Qb6 25. Bg1 Qa5 26. Nc5 Bg7 27. Ree7 Qxa2
28. Be6 Qa1+ 29. Qb1 Qxb1+ 30. Kxb1 Rfd8 31. Bxf7+ Kh8 32. Bxg6 Nf8 33. Rxg7
Nxd7 34. Rh7+ Kg8 35. Bd4 Nxc5 36. Rh8# 1-0

[Event "XXIX Corsicoscacchi Magistrale"]
[Site "Corsico ITA"]
[Date "2004.04.30"]
[Round "2"]
[White "Bjarnason, Oskar"]
[Black "Mazzariol, Oscar"]
[Result "1-0"]
[WhiteElo "2259"]
[BlackElo "2081"]
[PlyCount "97"]
[EventDate "2004.04.29"]

1. Nc3 d5 2. e4 dxe4 3. Nxe4 e5 4. Bc4 Bf5 5. Ng3 Bg6 6. h4 h5 7. Nf3 Nc6 8.
Qe2 Bd6 9. d4 Qe7 10. d5 Nd4 11. Bb5+ Kf8 12. Nxd4 exd4 13. c4 dxc3 14. bxc3 a6
15. Ba4 b5 16. Qxe7+ Nxe7 17. Bb3 Be5 18. Bb2 Rd8 19. Rd1 a5 20. a4 b4 21. O-O
f6 22. Ne2 Bf7 23. f4 Bd6 24. c4 Nf5 25. Rd3 Re8 26. Nd4 Bc5 27. Kh2 Ne3 28.
Rf3 Ng4+ 29. Kg3 Bg6 30. Ne6+ Rxe6 31. dxe6 Bxd3 32. Rxd3 Ke7 33. Rd7+ Kxe6 34.
Rxc7 Bf2+ 35. Kf3 Kd6 36. Rxg7 Bxh4 37. g3 Re8 38. Bd4 Bxg3 39. Kxg3 Nh6 40.
Bc2 Re2 41. Rg6 Ng4 42. Bd1 Rd2 43. Bxg4 Rxd4 44. Rxf6+ Ke7 45. Re6+ Kf7 46.
Bf5 h4+ 47. Kg4 Rxc4 48. Ra6 h3 49. Be6+ 1-0

[Event "XXIX Corsicoscacchi Magistrale"]
[Site "Corsico ITA"]
[Date "2004.04.30"]
[Round "2"]
[White "Bozzali, Ermanno"]
[Black "Dallaglio, Giovanni"]
[Result "1-0"]
[WhiteElo "2102"]
[BlackElo "2019"]
[PlyCount "51"]
[EventDate "2004.04.29"]

1. d4 d5 2. Nf3 Nf6 3. Bf4 c5 4. e3 Bf5 5. Bb5+ Nc6 6. O-O e6 7. Ne5 Rc8 8. g4
Bg6 9. h4 h6 10. c3 Bxb1 11. Rxb1 a6 12. Nxc6 bxc6 13. Bxa6 Ra8 14. Bb7 Rxa2
15. Bxc6+ Nd7 16. Qb3 Ra6 17. Qb7 Rxc6 18. Qxc6 Be7 19. Ra1 O-O 20. Ra7 Nf6 21.
Rfa1 Qe8 22. Qb7 Bd8 23. g5 hxg5 24. hxg5 Ne4 25. g6 Bh4 26. Ra8 1-0

[Event "XXIX Corsicoscacchi Magistrale"]
[Site "Corsico ITA"]
[Date "2004.04.30"]
[Round "2"]
[White "Canova, Luca"]
[Black "Astengo, Marcello"]
[Result "1-0"]
[WhiteElo "2008"]
[BlackElo "2069"]
[PlyCount "53"]
[EventDate "2004.04.29"]

1. e4 c6 2. d4 d5 3. Nc3 dxe4 4. Nxe4 Nf6 5. Nxf6+ exf6 6. Nf3 Bd6 7. Bd3 O-O
8. O-O Bg4 9. h3 Bh5 10. Re1 Nd7 11. c3 Nb6 12. g4 Bg6 13. Nh4 Nd5 14. Nf5 Nf4
15. Bxf4 Bxf4 16. Qf3 Bc7 17. Ng3 Qd6 18. Re2 Rfe8 19. Rae1 Kf8 20. Kg2 Rxe2
21. Qxe2 Bxd3 22. Qxd3 g6 23. Qe3 Rd8 24. Qh6+ Kg8 25. Ne4 Qe7 26. f3 Rd5 27.
Nxf6+ 1-0

[Event "XXIX Corsicoscacchi Magistrale"]
[Site "Corsico ITA"]
[Date "2004.04.30"]
[Round "2"]
[White "Di Lascio, Savino"]
[Black "Bonazzi, Edoardo"]
[Result "1-0"]
[WhiteElo "2022"]
[BlackElo "2140"]
[PlyCount "31"]
[EventDate "2004.04.29"]

1. Nf3 g6 2. g3 Bg7 3. Bg2 c5 4. O-O Nc6 5. d3 e6 6. e4 Nge7 7. c3 O-O 8. h4 d5
9. Qe2 b5 10. Nh2 b4 11. h5 Ba6 12. Rd1 bxc3 13. bxc3 Rb8 14. Ng4 Qb6 15. e5
Kh8 16. h6 1-0

[Event "XXIX Corsicoscacchi Magistrale"]
[Site "Corsico ITA"]
[Date "2004.04.30"]
[Round "2"]
[White "Guidi, Maurizio"]
[Black "Bisignano, Giuseppe"]
[Result "1-0"]
[WhiteElo "2065"]
[BlackElo "1996"]
[PlyCount "73"]
[EventDate "2004.04.29"]

1. e4 e5 2. Nf3 Nc6 3. d4 exd4 4. Nxd4 Bc5 5. Nb3 Bb6 6. Nc3 Qf6 7. Qe2 Nd4 8.
Nxd4 Bxd4 9. Bd2 c6 10. f4 Ne7 11. e5 Qg6 12. O-O-O O-O 13. g4 Qe6 14. Qe4 Bxc3
15. Bxc3 d5 16. Qb4 b6 17. f5 Qh6+ 18. Bd2 c5 19. Qb3 Qh4 20. Qf3 Nc6 21. Bf4
Bb7 22. Bg3 Qe7 23. Qf4 Rfe8 24. Re1 Nb4 25. a3 d4 26. f6 Nd5 27. Qg5 Qf8 28.
Bg2 h6 29. Qd2 Rad8 30. g5 Bc8 31. gxh6 gxh6 32. Bf4 Ne3 33. Rxe3 dxe3 34. Qxe3
Kh8 35. Bxh6 Rxe5 36. Bg7+ Kg8 37. Qh6 1-0

[Event "XXIX Corsicoscacchi Magistrale"]
[Site "Corsico ITA"]
[Date "2004.04.30"]
[Round "2"]
[White "Massironi, Marco"]
[Black "Zacco, Remo"]
[Result "1-0"]
[WhiteElo "2119"]
[BlackElo "2028"]
[PlyCount "69"]
[EventDate "2004.04.29"]

1. e4 g6 2. d4 Bg7 3. Nc3 d6 4. Bc4 Nc6 5. Be3 e5 6. Nge2 Nf6 7. h3 a6 8. a4
O-O 9. O-O exd4 10. Nxd4 Re8 11. f3 Nxd4 12. Bxd4 Be6 13. Bxe6 fxe6 14. a5 Rf8
15. Ra3 Bh6 16. Rb3 Rb8 17. e5 Nh5 18. exd6 cxd6 19. Ne4 d5 20. Nc5 Qh4 21.
Nxe6 Rf5 22. Bf2 Qe7 23. Nd4 Rg5 24. Re1 Qd7 25. Ne6 Re8 26. Nxg5 Rxe1+ 27.
Qxe1 Bxg5 28. Rd3 Nf4 29. Rb3 Bf6 30. Rb6 Bd8 31. Rb4 Bxa5 32. Rxb7 Qxb7 33.
Qe8+ Kg7 34. Bd4+ Kh6 35. Qf8+ 1-0

[Event "XXIX Corsicoscacchi Magistrale"]
[Site "Corsico ITA"]
[Date "2004.04.30"]
[Round "2"]
[White "Pelizzola, Danilo"]
[Black "Cereda, Loris"]
[Result "1/2-1/2"]
[WhiteElo "2081"]
[BlackElo "2007"]
[PlyCount "50"]
[EventDate "2004.04.29"]

1. e4 e5 2. Nf3 Nc6 3. Bb5 a6 4. Bxc6 dxc6 5. d4 exd4 6. Qxd4 Qxd4 7. Nxd4 Bd7
8. Nc3 Bd6 9. Be3 O-O-O 10. O-O Ne7 11. f4 f6 12. Rad1 c5 13. Nb3 b6 14. Nd5
Nxd5 15. exd5 Rhe8 16. Kf2 Bb5 17. Rfe1 Re7 18. Nd2 Rde8 19. b3 Bd7 20. Nc4 Bf5
21. c3 h6 22. h4 Bg4 23. Rc1 Bh5 24. a3 Bf7 25. Rcd1 Bh5 1/2-1/2

[Event "XXIX Corsicoscacchi Magistrale"]
[Site "Corsico ITA"]
[Date "2004.04.30"]
[Round "2"]
[White "Podini, Francesco"]
[Black "Pace, Pietro Dario"]
[Result "1-0"]
[WhiteElo "2051"]
[BlackElo "2126"]
[PlyCount "63"]
[EventDate "2004.04.29"]

1. e4 c5 2. Nc3 Nc6 3. f4 g6 4. Nf3 Bg7 5. Bb5 e6 6. Bxc6 bxc6 7. d3 d5 8. e5
Nh6 9. O-O Nf5 10. Na4 Bf8 11. b3 Ba6 12. c4 Be7 13. Qe1 Nd4 14. Qf2 Nxf3+ 15.
Qxf3 O-O 16. Ba3 Qa5 17. Qf2 dxc4 18. Bxc5 Bxc5 19. Qxc5 Qc7 20. dxc4 f6 21.
Qd6 Qf7 22. Nc5 Bc8 23. Qxc6 Rb8 24. Rad1 Rb6 25. Qa4 f5 26. Nd7 Ra6 27. Qb5
Rxa2 28. Nxf8 Qxf8 29. Rd6 Kg7 30. Rfd1 Ba6 31. Rxa6 Rxa6 32. Qxa6 1-0

[Event "XXIX Corsicoscacchi Magistrale"]
[Site "Corsico ITA"]
[Date "2004.04.30"]
[Round "2"]
[White "Popa, Florin"]
[Black "Rossi, Giampiero"]
[Result "1-0"]
[WhiteElo "2227"]
[BlackElo "2000"]
[PlyCount "127"]
[EventDate "2004.04.29"]

1. e4 c5 2. c3 d5 3. exd5 Qxd5 4. d4 e6 5. Nf3 Nc6 6. Be3 cxd4 7. cxd4 Nf6 8.
Nc3 Qd6 9. a3 Be7 10. Bc4 O-O 11. O-O Rd8 12. Qe2 Bd7 13. Rfd1 Be8 14. d5 exd5
15. Nxd5 Nxd5 16. Bxd5 Qxd5 17. Rxd5 Rxd5 18. h3 Bf6 19. Rd1 Rxd1+ 20. Qxd1 Rd8
21. Qc2 Bd7 22. Bg5 Bxg5 23. Nxg5 h6 24. Qh7+ Kf8 25. Nf3 Ne7 26. Qd3 Nc6 27.
Qd6+ Ke8 28. Qg3 g6 29. Qc7 Rc8 30. Qf4 h5 31. Ng5 Nd8 32. Qe3+ Ne6 33. Nxe6
fxe6 34. Qxa7 Bc6 35. Qd4 Kf7 36. Qf4+ Kg7 37. Qd6 Kf7 38. Kh2 Re8 39. Kg3 e5
40. b4 Re6 41. Qc7+ Re7 42. Qa5 Kf6 43. b5 Bd5 44. Qb6+ Be6 45. a4 Rd7 46. a5
Kf7 47. Kh4 Kf6 48. Kg3 Kf7 49. Qc5 Bd5 50. Qc8 Be6 51. Qb8 Kf6 52. Qf8+ Bf7
53. Qh8+ Kf5 54. Qh6 Kf6 55. Kh4 Kf5 56. Qg5+ Ke6 57. Qe3 Kf6 58. Qb6+ Be6 59.
a6 bxa6 60. bxa6 g5+ 61. Kg3 h4+ 62. Kh2 Rf7 63. a7 Rf8 64. Qb8 1-0

[Event "XXIX Corsicoscacchi Magistrale"]
[Site "Corsico ITA"]
[Date "2004.04.30"]
[Round "2"]
[White "Squarci, Franco"]
[Black "Gagliardi, Christian"]
[Result "0-1"]
[WhiteElo "1931"]
[BlackElo "2116"]
[PlyCount "126"]
[EventDate "2004.04.29"]

1. d4 g6 2. e4 Bg7 3. Nf3 d6 4. Be2 a6 5. O-O Nd7 6. c3 e5 7. dxe5 dxe5 8. Bg5
Ngf6 9. Bc4 h6 10. Bxf6 Qxf6 11. Nbd2 O-O 12. Qc2 Re8 13. b4 Nf8 14. a4 Ne6 15.
g3 Bf8 16. h4 Kg7 17. Nh2 h5 18. Ndf3 a5 19. Qb2 Bd6 20. Rfd1 Qe7 21. Rab1 f6
22. Rd5 axb4 23. cxb4 Rxa4 24. Rb5 c6 25. Ra5 Rxb4 26. Qa2 Rxb1+ 27. Qxb1 Qc7
28. Ra8 Nf8 29. Qa2 Bd7 30. g4 Rxa8 31. Qxa8 hxg4 32. Ne1 b5 33. Be2 f5 34.
exf5 gxf5 35. Qa1 Ne6 36. Ng2 Nd4 37. Bd1 c5 38. Qc1 Be7 39. h5 Qd6 40. Ne3 Kh7
41. Qb1 Kg7 42. Nhf1 Bg5 43. Qa2 e4 44. Qa1 g3 45. Nc2 gxf2+ 46. Kg2 f4 47.
Nxd4 Qxd4 48. Qxd4+ cxd4 49. Kxf2 Bh4+ 50. Kg2 Bg5 51. Nh2 b4 52. Bg4 Bc6 53.
Kf1 b3 54. Be6 b2 55. Ba2 Bb5+ 56. Ke1 Bd3 57. Ng4 b1=Q+ 58. Bxb1 Bxb1 59. h6+
Bxh6 60. Ne5 Kf6 61. Ng4+ Kg5 62. Nf2 Kf5 63. Kd2 e3+ 0-1

[Event "XXIX Corsicoscacchi Magistrale"]
[Site "Corsico ITA"]
[Date "2004.05.01"]
[Round "3"]
[White "Canova, Luca"]
[Black "Popa, Florin"]
[Result "0-1"]
[WhiteElo "2008"]
[BlackElo "2227"]
[PlyCount "54"]
[EventDate "2004.04.29"]

1. e4 e5 2. Nf3 Nc6 3. Bb5 a6 4. Ba4 f5 5. d3 fxe4 6. dxe4 Nf6 7. O-O d6 8. Re1
Be7 9. h3 O-O 10. Nc3 Qe8 11. Bb3+ Kh8 12. Be3 Nh5 13. Nd5 Bd8 14. Kh2 Qg6 15.
Bd2 Nd4 16. Re3 c6 17. Nc3 Nf4 18. Qg1 Nxh3 19. gxh3 Nxf3+ 20. Rxf3 Qxg1+ 21.
Kxg1 Rxf3 22. Kg2 Rxh3 23. f4 Bg4 24. fxe5 dxe5 25. Rf1 Bf6 26. Na4 Rd8 27. Bc3
Rh6 0-1

[Event "XXIX Corsicoscacchi Magistrale"]
[Site "Corsico ITA"]
[Date "2004.05.01"]
[Round "3"]
[White "Dallaglio, Giovanni"]
[Black "Bjarnason, Oskar"]
[Result "0-1"]
[WhiteElo "2019"]
[BlackElo "2259"]
[PlyCount "42"]
[EventDate "2004.04.29"]

1. d4 b6 2. c4 Bb7 3. Nf3 e6 4. e3 f5 5. Bd3 Nf6 6. O-O Ne4 7. Nfd2 d5 8. b3
Qg5 9. f4 Qh6 10. Nf3 Nd7 11. Bxe4 dxe4 12. Ne5 Nxe5 13. dxe5 Bc5 14. Qe2 g5
15. Ba3 gxf4 16. Bxc5 f3 17. gxf3 Rg8+ 18. Kh1 exf3 19. Rxf3 bxc5 20. Nc3 O-O-O
21. e4 Rd2 0-1

[Event "XXIX Corsicoscacchi Magistrale"]
[Site "Corsico ITA"]
[Date "2004.05.01"]
[Round "3"]
[White "Pace, Pietro Dario"]
[Black "D'Apa, Matteo"]
[Result "1-0"]
[WhiteElo "2126"]
[BlackElo "1859"]
[PlyCount "171"]
[EventDate "2004.04.29"]

1. e4 c6 2. d4 d5 3. f3 Nd7 4. Nc3 e6 5. Nge2 Ne7 6. Be3 b6 7. Qd2 Ng6 8. O-O-O
Be7 9. g3 O-O 10. h4 Re8 11. h5 Ngf8 12. g4 a5 13. g5 a4 14. Ng3 b5 15. Kb1 b4
16. Nce2 b3 17. cxb3 axb3 18. a3 Qb6 19. Nc3 Ba6 20. Na4 Qc7 21. Bf4 e5 22.
dxe5 Bxf1 23. Nc3 Bc4 24. e6 Ne5 25. exf7+ Kxf7 26. Qd4 Bd6 27. Nf5 Rad8 28.
exd5 c5 29. Qe4 Ba6 30. Nxd6+ Qxd6 31. Qf5+ Kg8 32. Ne4 Qd7 33. Nf6+ gxf6 34.
Qxf6 Qd6 35. Qf5 Qe7 36. Rhe1 Nfd7 37. g6 hxg6 38. hxg6 Bc8 39. Bg5 Qd6 40.
Bxd8 Rxd8 41. Qe6+ Qxe6 42. dxe6 Nxf3 43. Re3 Nd4 44. exd7 Bxd7 45. Re5 Rf8 46.
Rxc5 Bf5+ 47. Kc1 Ne2+ 48. Kd2 Rd8+ 49. Ke1 Re8 50. Kf2 Bxg6 51. Rd6 Nf4 52.
Kf3 Ne6 53. Rc3 Bc2 54. a4 Kf7 55. a5 Ng5+ 56. Kg4 Ne4 57. Rc7+ Kf8 58. Rh6 Kg8
59. a6 Rf8 60. a7 Bd1+ 61. Kh3 Bf3 62. Rg6+ Kh8 63. Rb6 Nf2+ 64. Kh4 Nd3 65.
Rxb3 Ne5 66. Rb8 Kg8 67. Rxf8+ Kxf8 68. Rc8+ Ke7 69. a8=Q Bxa8 70. Rxa8 Kd6 71.
Rc8 Nc6 72. Kg3 Kc5 73. Kf3 Kb5 74. Ke3 Nb4 75. b3 Na6 76. Kd2 Kb4 77. Kc2 Nc5
78. Rb8+ Ka3 79. Kc3 Ka2 80. Ra8+ Kb1 81. b4 Nd7 82. b5 Nb6 83. Ra6 Nd5+ 84.
Kc4 Nc7 85. Rc6 Na8 86. b6 1-0

[Event "XXIX Corsicoscacchi Magistrale"]
[Site "Corsico ITA"]
[Date "2004.05.01"]
[Round "3"]
[White "Podini, Francesco"]
[Black "Bozzali, Ermanno"]
[Result "0-1"]
[WhiteElo "2051"]
[BlackElo "2102"]
[PlyCount "100"]
[EventDate "2004.04.29"]

1. e4 c5 2. Nc3 Nc6 3. f4 e6 4. Nf3 d5 5. Bb5 Nge7 6. exd5 Nxd5 7. Bxc6+ bxc6
8. d3 Bd6 9. Ne5 Bxe5 10. fxe5 Qh4+ 11. g3 Qd4 12. Ne4 Qxe5 13. Qe2 c4 14. dxc4
Ba6 15. c3 O-O 16. Nd2 Ne3 17. Kf2 Nxc4 18. Nxc4 Qxe2+ 19. Kxe2 Bxc4+ 20. Kf2
Rfd8 21. Be3 e5 22. b3 Be6 23. Rad1 f6 24. c4 Kf7 25. Rd2 Rxd2+ 26. Bxd2 a5 27.
Rc1 a4 28. b4 Rd8 29. Be3 Rd3 30. Rc2 Bf5 31. Rb2 Rc3 32. b5 a3 33. Rb4 cxb5
34. cxb5 Rc2+ 35. Kf3 g5 36. g4 Bc8 37. b6 Bb7+ 38. Kg3 h5 39. gxh5 f5 40. Bxg5
Rg2+ 41. Kh4 Rxh2+ 42. Kg3 Rg2+ 43. Kh4 Rxa2 44. Ra4 Rh2+ 45. Kg3 Rg2+ 46. Kh4
a2 47. Ra7 Ke6 48. h6 f4 49. Kh5 Kf5 50. Bh4 Bf3# 0-1

[Event "XXIX Corsicoscacchi Magistrale"]
[Site "Corsico ITA"]
[Date "2004.05.01"]
[Round "4"]
[White "Bisignano, Giuseppe"]
[Black "Gagliardi, Christian"]
[Result "1-0"]
[WhiteElo "1996"]
[BlackElo "2116"]
[PlyCount "85"]
[EventDate "2004.04.29"]

1. e4 g6 2. d4 Bg7 3. Nf3 d6 4. Bc4 c6 5. O-O d5 6. exd5 cxd5 7. Bd3 Nf6 8. Re1
O-O 9. h3 Nc6 10. c3 Qc7 11. Nbd2 Bf5 12. Bxf5 gxf5 13. Ne5 Ne4 14. Nxc6 bxc6
15. Qh5 e6 16. Nxe4 fxe4 17. Re3 f5 18. Rg3 Qf7 19. Qg5 Kh8 20. Bf4 Bf6 21. Qh6
Rg8 22. Be5 Bxe5 23. dxe5 Rxg3 24. fxg3 Rg8 25. g4 Qg6 26. Qxg6 hxg6 27. Kf2
Kg7 28. Ke3 fxg4 29. hxg4 Kh6 30. Rf1 Kg5 31. Rf6 Re8 32. c4 Kxg4 33. Rxg6+ Kf5
34. Rh6 Kxe5 35. Rh5+ Kd6 36. b4 Re7 37. c5+ Kd7 38. g4 Rg7 39. g5 e5 40. a4 a6
41. a5 Rg6 42. Rh7+ Ke6 43. Rh6 1-0

[Event "XXIX Corsicoscacchi Magistrale"]
[Site "Corsico ITA"]
[Date "2004.05.01"]
[Round "4"]
[White "Bjarnason, Oskar"]
[Black "Podini, Francesco"]
[Result "1-0"]
[WhiteElo "2259"]
[BlackElo "2051"]
[PlyCount "62"]
[EventDate "2004.04.29"]

1. e4 c5 2. Nf3 e6 3. Nc3 d6 4. d4 cxd4 5. Nxd4 Nf6 6. Be3 a6 7. f3 b5 8. g4
Bb7 9. Qd2 Be7 10. O-O-O Nfd7 11. g5 Nb6 12. h4 N8d7 13. Qg2 Ne5 14. Kb1 Rc8
15. Nce2 Nec4 16. Bc1 g6 17. h5 e5 18. hxg6 exd4 19. gxf7+ Kxf7 20. Rxh7+ Rxh7
21. g6+ Kg7 22. gxh7+ Kh8 23. Nf4 Na3+ 24. bxa3 Na4 25. Ne6 Bf6 26. Nxd8 Rxd8
27. Qg4 Nc3+ 28. Ka1 Be5 29. Bg5 Rf8 30. Bh6 d3 31. Bxf8 Nxd1+ 1-0

[Event "XXIX Corsicoscacchi Magistrale"]
[Site "Corsico ITA"]
[Date "2004.05.01"]
[Round "4"]
[White "Bonazzi, Edoardo"]
[Black "Rossi, Giampiero"]
[Result "0-1"]
[WhiteElo "2140"]
[BlackElo "2000"]
[PlyCount "68"]
[EventDate "2004.04.29"]

1. c4 e6 2. Nf3 d5 3. b3 c6 4. g3 Nf6 5. Bg2 Nbd7 6. Bb2 Be7 7. O-O O-O 8. d3
b6 9. e4 Bb7 10. cxd5 cxd5 11. e5 Ne8 12. d4 Nc7 13. Nc3 Rc8 14. Re1 Nb8 15.
Qd2 Qd7 16. Rad1 Rfd8 17. h4 Ne8 18. Nh2 Rc7 19. f4 Rdc8 20. Nf1 Bb4 21. Rc1
Qe7 22. Qe3 Ba3 23. Bxa3 Qxa3 24. Nd2 Qb4 25. Ndb1 Nc6 26. Red1 Ne7 27. Bh3 g6
28. g4 Ng7 29. f5 exf5 30. gxf5 Nexf5 31. Qf2 Rxc3 32. Nxc3 Rxc3 33. Qe1 Rg3+
34. Kh2 Qe7 0-1

[Event "XXIX Corsicoscacchi Magistrale"]
[Site "Corsico ITA"]
[Date "2004.05.01"]
[Round "4"]
[White "Bozzali, Ermanno"]
[Black "Guidi, Maurizio"]
[Result "1/2-1/2"]
[WhiteElo "2102"]
[BlackElo "2065"]
[PlyCount "99"]
[EventDate "2004.04.29"]

1. e4 c5 2. Nf3 Nc6 3. d4 cxd4 4. Nxd4 g6 5. c4 Bg7 6. Be3 Nf6 7. Nc3 Ng4 8.
Qxg4 Nxd4 9. Qd1 Ne6 10. Rc1 d6 11. Be2 O-O 12. b4 b6 13. f4 Bb7 14. Bf3 Rc8
15. Nd5 Nc7 16. O-O e6 17. Nxc7 Rxc7 18. Qd3 Qe7 19. Rfd1 Rfc8 20. a3 Bf8 21.
Be2 f5 22. e5 dxe5 23. fxe5 Qh4 24. Qd4 Qxd4 25. Rxd4 Bd5 26. Kf2 Bg7 27. Rcd1
Bxc4 28. Bxc4 Rxc4 29. Rxc4 Rxc4 30. Rd8+ Kf7 31. Rd7+ Kg8 32. Rxa7 b5 33. Rb7
Rc3 34. Rxb5 Rxa3 35. Rb8+ Kf7 36. Rb7+ Kg8 37. Re7 Bf8 38. Re8 Kf7 39. Rb8 Rb3
40. b5 Bg7 41. Rb7+ Kg8 42. b6 Bxe5 43. g3 g5 44. Re7 f4 45. gxf4 gxf4 46. Bc5
Rb5 47. Rxe6 Rxc5 48. b7 Rb5 49. Rxe5 Rxb7 50. Kf3 1/2-1/2

[Event "XXIX Corsicoscacchi Magistrale"]
[Site "Corsico ITA"]
[Date "2004.05.01"]
[Round "4"]
[White "D'Apa, Matteo"]
[Black "Dallaglio, Giovanni"]
[Result "1-0"]
[WhiteElo "1859"]
[BlackElo "2019"]
[PlyCount "59"]
[EventDate "2004.04.29"]

1. d4 d5 2. c4 dxc4 3. Nf3 Nf6 4. Nc3 c6 5. a4 Bf5 6. Bg5 Nbd7 7. e3 Bd3 8.
Bxd3 cxd3 9. Qxd3 e6 10. O-O Be7 11. e4 O-O 12. e5 Nd5 13. Bxe7 Qxe7 14. Ne4 a5
15. Nd6 N7b6 16. Nd2 f5 17. f4 Nc8 18. N2c4 Rd8 19. Rf3 Ncb6 20. b3 Nxc4 21.
bxc4 Nb4 22. Qe2 Kh8 23. Rh3 g6 24. Raa3 Rg8 25. Rh6 Rg7 26. Qf2 g5 27. Rah3
Rag8 28. fxg5 Qxg5 29. Rxh7+ Rxh7 30. Nf7+ 1-0

[Event "XXIX Corsicoscacchi Magistrale"]
[Site "Corsico ITA"]
[Date "2004.05.01"]
[Round "4"]
[White "Di Lascio, Savino"]
[Black "Astengo, Marcello"]
[Result "0-1"]
[WhiteElo "2022"]
[BlackElo "2069"]
[PlyCount "78"]
[EventDate "2004.04.29"]

1. Nf3 d5 2. g3 Bg4 3. Bg2 Nf6 4. h3 Bf5 5. d3 Qc8 6. c3 h6 7. b4 e6 8. a4 Bd6
9. Nbd2 e5 10. Nh4 Be6 11. e4 c6 12. Ba3 Na6 13. g4 g6 14. Qe2 Qd7 15. f4 g5
16. fxg5 hxg5 17. Nhf3 Rg8 18. Qe3 O-O-O 19. O-O-O d4 20. cxd4 Nxb4 21. Bxb4
Bxb4 22. dxe5 c5 23. exf6 Ba3+ 24. Kb1 Qxa4 25. d4 Rd6 26. dxc5 Qb4+ 27. Nb3
Bxb3 28. Rd2 Ra6 29. Qd4 Qb5 30. Bf1 Bc4+ 31. Rb2 Bxb2 32. Bxc4 Ra1+ 33. Kc2
Qa4+ 34. Kxb2 Qa3+ 35. Kc2 Rxh1 36. Ng1 Rh2+ 37. Ne2 Rd8 38. Qe5 Qa4+ 39. Kc3
Qa1+ 0-1

[Event "XXIX Corsicoscacchi Magistrale"]
[Site "Corsico ITA"]
[Date "2004.05.01"]
[Round "4"]
[White "Mazzariol, Oscar"]
[Black "Damia, Angelo"]
[Result "1-0"]
[WhiteElo "2081"]
[BlackElo "2061"]
[PlyCount "83"]
[EventDate "2004.04.29"]

1. e4 c5 2. c3 Nf6 3. e5 Nd5 4. d4 cxd4 5. Nf3 e6 6. cxd4 Nc6 7. a3 d6 8. Be2
Qc7 9. O-O dxe5 10. dxe5 Bd7 11. Re1 Be7 12. b4 Nxe5 13. Bb2 Bf6 14. Nxe5 Bxe5
15. Bxe5 Qxe5 16. Ra2 Qg5 17. Rd2 O-O 18. Bf3 Bc6 19. b5 Nc3 20. h4 Bxf3 21.
Qxf3 Qxb5 22. Nxc3 Qa5 23. Ne4 f5 24. Qc3 Qa4 25. Rd4 Qe8 26. Nd6 Qe7 27. Qb3
Rf6 28. Qxb7 Qxb7 29. Nxb7 Kf7 30. Rd7+ Kg6 31. Nc5 Re8 32. Rxa7 e5 33. a4 e4
34. Rc7 Ra8 35. Rd1 Kh5 36. Rxg7 Kxh4 37. Rxh7+ Kg4 38. Rdd7 Rc6 39. Rdg7+ Kf4
40. Nd7 Rc1+ 41. Kh2 e3 42. Rh4# 1-0